<?xml version="1.0" encoding="UTF-8"?>
<collection xmlns="http://www.loc.gov/MARC21/slim">
<record>
  <controlfield tag="001">160864</controlfield>
  <controlfield tag="005">20251017144552.0</controlfield>
  <datafield tag="024" ind1="8" ind2=" ">
    <subfield code="2">sideral</subfield>
    <subfield code="a">144007</subfield>
  </datafield>
  <datafield tag="037" ind1=" " ind2=" ">
    <subfield code="a">ART-2021-144007</subfield>
  </datafield>
  <datafield tag="041" ind1=" " ind2=" ">
    <subfield code="a">spa</subfield>
  </datafield>
  <datafield tag="100" ind1=" " ind2=" ">
    <subfield code="a">Pérez Chico, David</subfield>
    <subfield code="u">Universidad de Zaragoza</subfield>
    <subfield code="0">(orcid)0000-0001-7933-8861</subfield>
  </datafield>
  <datafield tag="245" ind1=" " ind2=" ">
    <subfield code="a">¿Sobre qué certeza? Epistemología de goznes, ansiedad cartesiana y meta-escepticismo</subfield>
  </datafield>
  <datafield tag="260" ind1=" " ind2=" ">
    <subfield code="c">2021</subfield>
  </datafield>
  <datafield tag="506" ind1="0" ind2=" ">
    <subfield code="a">Access copy available to the general public</subfield>
    <subfield code="f">Unrestricted</subfield>
  </datafield>
  <datafield tag="520" ind1="3" ind2=" ">
    <subfield code="a">Desde muy poco después de su publicación, Sobre la certeza de Wittgenstein recibió una más que merecida atención, en primer lugar porque se quiso ver en esa colección de notas una originalísima solución al escepticismo radical cartesiano y, en segundo lugar, porque era tanta dicha originalidad que no solo se alejaba de otras propuestas anti-escépticas, sino también de los trabajos anteriores del propio Wittgenstein, hasta el punto de que en algunos círculos se habla de un “tercer Wittgenstein”. En las últimas dos décadas esta interpretación exclusivamente epistemológica y anti-escéptica ha dado lugar a lo que se conoce como “epistemología de goznes” debido a que defiende que el objetivo principal de Sobre la certeza es proponer una teoría de la justificación de nuestras creencias perceptivas a partir de la noción wittgensteiniana de gozne.</subfield>
  </datafield>
  <datafield tag="536" ind1=" " ind2=" ">
    <subfield code="9">info:eu-repo/grantAgreement/ES/MICINN/RTI2018-098254-B-I00</subfield>
  </datafield>
  <datafield tag="540" ind1=" " ind2=" ">
    <subfield code="9">info:eu-repo/semantics/openAccess</subfield>
    <subfield code="a">All rights reserved</subfield>
    <subfield code="u">http://www.europeana.eu/rights/rr-f/</subfield>
  </datafield>
  <datafield tag="655" ind1=" " ind2="4">
    <subfield code="a">info:eu-repo/semantics/article</subfield>
    <subfield code="v">info:eu-repo/semantics/publishedVersion</subfield>
  </datafield>
  <datafield tag="710" ind1="2" ind2=" ">
    <subfield code="1">5012</subfield>
    <subfield code="2">585</subfield>
    <subfield code="a">Universidad de Zaragoza</subfield>
    <subfield code="b">Unidad Predepartam. Filosofía</subfield>
    <subfield code="c">Área Lógica y Filosof.Ciencia</subfield>
  </datafield>
  <datafield tag="773" ind1=" " ind2=" ">
    <subfield code="g">12, 23 (2021), 35-57</subfield>
    <subfield code="p">Sképsis (Salvador)</subfield>
    <subfield code="t">Sképsis (Salvador)</subfield>
    <subfield code="x">1981-4194</subfield>
  </datafield>
  <datafield tag="856" ind1="4" ind2=" ">
    <subfield code="s">459719</subfield>
    <subfield code="u">http://zaguan.unizar.es/record/160864/files/texto_completo.pdf</subfield>
    <subfield code="y">Versión publicada</subfield>
  </datafield>
  <datafield tag="856" ind1="4" ind2=" ">
    <subfield code="s">1539378</subfield>
    <subfield code="u">http://zaguan.unizar.es/record/160864/files/texto_completo.jpg?subformat=icon</subfield>
    <subfield code="x">icon</subfield>
    <subfield code="y">Versión publicada</subfield>
  </datafield>
  <datafield tag="909" ind1="C" ind2="O">
    <subfield code="o">oai:zaguan.unizar.es:160864</subfield>
    <subfield code="p">articulos</subfield>
    <subfield code="p">driver</subfield>
  </datafield>
  <datafield tag="951" ind1=" " ind2=" ">
    <subfield code="a">2025-10-17-14:12:14</subfield>
  </datafield>
  <datafield tag="980" ind1=" " ind2=" ">
    <subfield code="a">ARTICLE</subfield>
  </datafield>
</record>
</collection>